Bekannteste Reptilien ihrer Art - Statistiken

Allgemein
  • Dieses Quiz wurde 12 mal gespielt
  • Das Durchschnittsergebnis liegt bei 3 aus 11
Antwortstatistiken
Name Art Lebensdaten Beschreibung % Korrekt
Lonesome George Galápagos-Riesenschildkröte † 2012 Letzte bekannte Riesenschildkröte der Unterart Geochelone nigra abingdoni
90%
Gustave Nilkrokodil * 1955 Soll 200-300 Menschen gefressen haben
40%
Adwaita Aldabra-Riesenschildkröte ca. 1750-2006 Vermutlich ältestes Wirbeltier aller Zeiten
30%
Adelita Unechte Karettschildkröte * vor 1996 Erste mittels Sender-Ortung überwachte Meeresschildkröte
20%
Sweetheart Leistenkrokodil vor 1971-1979 Totemtier; „Schurken-Krokodil“
20%
Tu’i Malila Strahlenschildkröte 1770er-1965 Galt bis 2006 als älteste aller Schildkröten
20%
Lord Fairfax Geierschildkröte * ? Größte in einer urbanen Region gefundene Geierschildkröte
10%
MacGyver Roter Teju * 2012 Internet-Persönlichkeit
10%
Muja Mississippi-Alligator * 1937 Ältester bekannter Alligator in Gefangenschaft
10%
Ol' Rip Krötenechse † 1929 Überlebte eine 31-jährige Winterstarre in einer Zeitkapsel
10%
Timothy Maurische Landschildkröte ca. 1844-2004 Britisches Militärmaskotchen und letzter überlebender Teilnehmer des Krimkriegs
10%
Keine übereinstimmenden Quizze gefunden
Verteilung der Resultate
Anzahl Personen mit jedem Resultat
Perzentil nach korrekt beantworteten Fragen
Ihre Resultats-Entwicklung
Sie haben dieses Quiz noch nicht gespielt